Bedroom Mazurka (Record no. 194194)
[ view plain ]
| 000 -LEADER | |
|---|---|
| fixed length control field | 00568 a2200157 4500 |
| 003 - CONTROL NUMBER IDENTIFIER | |
| control field | Nust |
| 005 - DATE AND TIME OF LATEST TRANSACTION | |
| control field | 20170207154118.0 |
| 040 ## - CATALOGING SOURCE | |
| Transcribing agency | Nust |
| 082 ## - DEWEY DECIMAL CLASSIFICATION NUMBER | |
| Classification number | 823 |
| 100 ## - MAIN ENTRY--PERSONAL NAME | |
| Personal name | Soya |
| 245 ## - TITLE STATEMENT | |
| Title | Bedroom Mazurka |
| Remainder of title | Seven Erotic Stories |
| Statement of responsibility, etc. | Soya |
| 260 ## - PUBLICATION, DISTRIBUTION, ETC. | |
| Place of publication, distribution, etc. | london |
| Name of publisher, distributor, etc. | Sphere |
| Date of publication, distribution, etc. | 1971 |
| 300 ## - PHYSICAL DESCRIPTION | |
| Extent | 156p; |
| 505 ## - FORMATTED CONTENTS NOTE | |
| Formatted contents note | E In Tanta Affizione Miseria (Page-11), Infidelity? (Page-13), Alls Well(Page-26),Mutual Reminiscences (Page-47), Sunday Morning(Page-65), Mazurka (Page-76),A Whole Twenty-Four Hours Alone! (Page-104),The Bell Tower (Page-133). |
| 538 ## - SYSTEM DETAILS NOTE | |
| System details note | Almirah No.52 Shelf No.6 |
| 942 ## - ADDED ENTRY ELEMENTS (KOHA) | |
| Source of classification or shelving scheme | |
| Koha item type | Book |
| Withdrawn status | Lost status | Source of classification or shelving scheme | Damaged status | Not for loan | Collection code | Permanent Location | Current Location | Date acquired | Total Checkouts | Full call number | Barcode | Date last seen | Price effective from | Koha item type |
|---|---|---|---|---|---|---|---|---|---|---|---|---|---|---|
| Military College of Signals (MCS) | Military College of Signals (MCS) | 12/12/2016 | 823 SOY | MCS36217 | 12/08/2016 | 12/12/2016 | Book |
